Animaux bibliques - Statistiques

Statistiques générales
  • Ce quiz a été pris 150 fois
    10 depuis la dernière actualisation
  • Le résultat moyen est 6 sur 14
Statistiques - réponses
Indice Animal % Correct
Sacrifié à Pâques par les juifs Agneau
100%
A été condamné à ramper après du trafic de fruits Serpent
90%
A ramené un rameau d'olivier à Noé Colombe
80%
Noyés dans la mer Rouge avec les soldats égyptiens qui les montaient Chevaux
60%
A chanté après que Pierre a renié Jésus à trois reprises Coq
50%
Montures sur lesquelles Jacob, Léa et Rachel quittent le pays de Laban Chameaux
40%
Deuxième plaie d'Égypte Grenouilles
40%
A servi de modèle à une statue d'or peu appréciée de Dieu Veau
40%
Avertit son maître qu'un ange est dans le chemin Ânesse
30%
Fait partie de la liste des oiseaux interdits à la consommation, mais n'est pas un oiseau Chauve-souris
20%
Ont servi d'hôtes à des démons et se sont jetés à la mer Porc
20%
Les juifs n'ont pas le droit d'en manger, car, bien qu'il broute, il n'a pas le sabot fendu Lièvre
10%
Met en pièces les enfants qui s'étaient moqués d'Élie Ours
10%
A mordu le pied de Tobie, avant d'être tué, cuisiné et utilisé comme remède Poisson
10%
Aucun quiz correspondant
Distribution des résultats
% des personnes avec chaque résultat
Percentile par nombre de réponses
Votre historique - résultats
Vous n’avez pas pris ce quiz depuis la dernière actualisation